| 000 | 00479nam a2200157 4500 | ||
|---|---|---|---|
| 020 | _a0870213873 | ||
| 082 | 0 | 0 |
_a623.81 _bGIL _cL-18, P-5. |
| 100 | 1 |
_aGillmer, Thomas Charles, _942201 |
|
| 245 | 1 | 0 |
_aModern ship design, _cby Thomas C. Gillmer. |
| 260 |
_aAnnapolis, Md., _bU.S. Naval Institute _c[1970] |
||
| 300 |
_axii, 336 p. _billus., plans. _c28 cm. |
||
| 526 |
_a0 _b0 _c0 _d623_810000000000000_GIL |
||
| 650 | 0 |
_aMCE _9379 |
|
| 650 | 0 | _aNaval architecture. | |
| 942 |
_2ddc _cBK |
||
| 999 |
_c546130 _d546130 |
||